000
00312nam a22001217a 4500
020
_a
9788178128603
082
_a
630
_b
BIR/OB
100
_a
Birendra Bahadur Singh
_9
178
245
_a
Objective Agriculture Science: R Gupta's
260
_a
New Delhi
_b
Remesh Publishing House
_c
2011
300
_a
260
942
_c
BK
999
_c
14148
_d
14148